Marketing: (Record no. 207622)
[ view plain ]
| 000 -LEADER | |
|---|---|
| fixed length control field | 00785nam a22002297a 4500 |
| 005 - DATE AND TIME OF LATEST TRANSACTION | |
| control field | 20250304151324.0 |
| 010 ## - LCCN (DPL NO) | |
| LC control number | DEC24SC ENG-142960 ENG-143631 ENG-143958 |
| 020 ## - INTERNATIONAL STANDARD BOOK NUMBER | |
| International Standard Book Number | 9789359309774 |
| Terms of availability | 795.00 |
| 035 ## - SYSTEM CONTROL NUMBER | |
| System control number | EN-126492 |
| 035 ## - SYSTEM CONTROL NUMBER | |
| System control number | EN-127490 |
| 035 ## - SYSTEM CONTROL NUMBER | |
| System control number | EN-127163 |
| 037 ## - SOURCE OF ACQUISITION | |
| Source of stock number/acquisition | DBAD |
| 082 ## - DEWEY DECIMAL CLASSIFICATION NUMBER | |
| Classification number | 380.1 |
| Edition number | 1 |
| 100 ## - MAIN ENTRY--PERSONAL NAME | |
| Personal name | Chaturvedi ,Mukesh |
| 245 ## - TITLE STATEMENT | |
| Title | Marketing: |
| Remainder of title | A New Age Perspective/ |
| Statement of responsibility, etc | By Mukesh Chaturvedi [and] A.V Shukla |
| 250 ## - EDITION STATEMENT | |
| Edition statement | 1 |
| 260 ## - PUBLICATION, DISTRIBUTION, ETC. (IMPRINT) | |
| Place of publication, distribution, etc | New Delhi |
| Name of publisher, distributor, etc | S Chand and Company Limited |
| Date of publication, distribution, etc | 2024 |
| 270 ## - ADDRESS | |
| Address | A-27, 2nd Floor, Mohan Co-operative Industrial Estate |
| City | New Delhi |
| Postal code | 110044 |
| Electronic mail address | info@schandpublishing.com |
| Telephone number | 011-49731800 |
| 300 ## - PHYSICAL DESCRIPTION | |
| Extent | 516p. |
| Dimensions | 26cm(pb) |
| 700 ## - ADDED ENTRY--PERSONAL NAME | |
| Personal name | Shukla, A.V |
| Relator term | Author |
| 9 (RLIN) | 75030 |
| 942 ## - ADDED ENTRY ELEMENTS (KOHA) | |
| Source of classification or shelving scheme | Dewey Decimal Classification |
| Item type | English Books |
| Classification part | 380.1 |
| Call number suffix | CHA |
| Edition | 1 |
| Withdrawn status | Lost status | Not for loan | Collection code | Home library | Current library | Date acquired | Source of acquisition | Cost, normal purchase price | Full call number | Barcode | Copy number | Cost, replacement price | Koha item type |
|---|---|---|---|---|---|---|---|---|---|---|---|---|---|
| Non-fiction | Central Library | Central Library | 04/03/2025 | Delivery of Books Act Division | 795.00 | 380.1 CHA | EN-127490 | 1 | 795.00 | English Books | |||
| Not For Loan | Non-fiction | D.B.Act.Division | D.B.Act.Division | 28/01/2025 | Delivery of Books Act Division | 795.00 | 380.1 CHA | EN-127163 | 1 | 795.00 | English Books | ||
| Non-fiction | Sarojini Nagar | Sarojini Nagar | 11/12/2024 | Delivery of Books Division | 795.00 | 380.1 CHA | EN-126492 | 1 | 795.00 | English Books |
